Význam automobilového priemyslu v hospodárstve SR diplomová práca

Enregistré dans:
Détails bibliographiques
Auteur principal: Sekerková, Zuzana
Collectivité auteur: Národohospodárska fakulta EU. Katedra hospodárskej politiky
Autres auteurs: Kopkáš, Peter
Format: Livre
Langue:slovaque
Publié: Bratislava 2010
Tags: Ajouter un tag
Pas de tags, Soyez le premier à ajouter un tag!

MARC

LEADER 00000nam a2200000 4500
001 0120107
005 20240318123917.9
041 0 |a slo 
044 |a SK 
245 1 0 |a Význam automobilového priemyslu v hospodárstve SR  |b diplomová práca  |c Zuzana Sekerková ; škol. Peter Kopkáš 
264 1 |a Bratislava  |c 2010 
300 |a 79 s. 
100 1 |a Sekerková, Zuzana 
700 1 |a Kopkáš, Peter 
710 2 |a Národohospodárska fakulta EU. Katedra hospodárskej politiky